Curso elemental de Derecho Civil
Salvato in:
| Autori principali: | , |
|---|---|
| Natura: | Libro |
| Lingua: | spagnolo |
| Pubblicazione: |
Madrid
Reus
1922
|
| Serie: | Biblioteca Jurídica de Autores Españoles y Extranjeros, 76 - 81
|
| Soggetti: | |
| Tags: |
Aggiungi Tag
Nessun Tag, puoi essere il primo ad aggiungerne!!
|
MARC
| LEADER | 00000nam a2200000 a 4500 | ||
|---|---|---|---|
| 001 | UCS1409 | ||
| 003 | CL-VaPUC | ||
| 008 | 970509e19220000SP |||||||||||||||||spa|d | ||
| 082 | 0 | 4 | |a 346.44 |b COL |2 21 |
| 100 | 0 | |a Colin, Ambrosio |e author |9 385829 | |
| 700 | 0 | |a Capitant, Henri |e author |9 385830 | |
| 245 | 1 | 0 | |a Curso elemental de Derecho Civil |
| 300 | |a 6 v | ||
| 942 | |c BK | ||
| 945 | |d 19970509 00:00:00 |a lriquelm | ||
| 260 | |a Madrid |b Reus |c 1922 | ||
| 500 | |a v.1: Introducción. Estado civil. Domicilio y ausencia | ||
| 500 | |a v.2 p.1: Incapacidad civil. Personas jurídicas | ||
| 500 | |a v.2 p.2: De los bienes y de los derechos reales principales | ||
| 500 | |a v.3: Teoría general de las obligaciones | ||
| 500 | |a v.4: Contratos usuales: compra-venta. arrendamiento. trabajo. sociedad. préstamo. depósito y secuestro. seguro. juego y apuesta. mandato. gestión de negocios ajenos. transacción | ||
| 500 | |a v.5: Garantías personales y reales | ||
| 500 | |a v.6: De los regímenes matrimoniales | ||
| 650 | 0 | |a Derecho civil |9 255013 | |
| 650 | 0 | |a Personas |9 255751 | |
| 650 | 7 | |a MATRIMONIO |2 CL-VaPUC |9 385831 | |
| 650 | 7 | |a ESTADO CIVIL |2 CL-VaPUC |9 385832 | |
| 650 | 0 | |a Patria potestad |9 369365 | |
| 650 | 7 | |a INCAPACES |2 CL-VaPUC |9 385602 | |
| 650 | 7 | |a DERECHO |2 CL-VaPUC |9 385833 | |
| 650 | 0 | |a Tutelas |9 384923 | |
| 650 | 0 | |a Enfermedades mentales |9 310204 | |
| 650 | 0 | |a Mujer casada |9 255924 | |
| 650 | 0 | |a Bienes |9 255749 | |
| 650 | 0 | |a Derechos reales |9 257708 | |
| 650 | 0 | |a Propiedad |9 255268 | |
| 650 | 0 | |a Usufructo |9 256763 | |
| 650 | 7 | |a SERVIDUMBRE |2 CL-VaPUC |9 353384 | |
| 650 | 0 | |a Obligaciones |9 255578 | |
| 650 | 7 | |a PRESUNCIONES |2 CL-VaPUC |9 383566 | |
| 650 | 0 | |a Fuentes de las obligaciones |9 385043 | |
| 650 | 0 | |a Contratos |9 255153 | |
| 650 | 0 | |a Responsabilidad extracontractual |9 336742 | |
| 650 | 0 | |a Compraventa |9 255413 | |
| 650 | 0 | |a Arrendamiento |9 257654 | |
| 650 | 0 | |a Mandato |9 385834 | |
| 650 | 0 | |a Fianza |9 384920 | |
| 650 | 0 | |a Hipoteca |9 255780 | |
| 650 | 0 | |a Regímenes matrimoniales |9 357525 | |
| 583 | |a last modification |c 19970509 00:00:00 |k Rodrigo Vera | ||
| 490 | 0 | |a Biblioteca Jurídica de Autores Españoles y Extranjeros, 76 - 81 | |
| 999 | |c 259502 |d 259500 | ||
| 952 | |0 0 |1 0 |4 0 |6 346_440000000000000_COL_1922 |7 0 |8 X |9 284254 |a BIBDER |b BIBDER |d 2019-11-19 |h v.1 |i 1840622 |l 1 |m 1 |o 346.44 COL 1922 |p 1840622 |r 2023-01-25 |s 2022-12-01 |w 2019-11-19 |y BK_X |k DER | ||
| 952 | |0 0 |1 0 |4 0 |6 346_440000000000000_COL_1922 |7 0 |8 X |9 284255 |a BIBDER |b BIBDER |d 2019-11-19 |h v.2 p.1 |i 1840630 |l 1 |m 1 |o 346.44 COL 1922 |p 1840630 |r 2023-01-25 |s 2022-12-01 |w 2019-11-19 |y BK_X |k DER | ||
| 952 | |0 0 |1 0 |4 0 |6 346_440000000000000_COL_1922 |7 0 |8 X |9 284256 |a BIBDER |b BIBDER |d 2019-11-19 |h v.2 p.2 |i 1840649 |l 1 |m 1 |o 346.44 COL 1922 |p 1840649 |r 2023-01-25 |s 2022-12-01 |w 2019-11-19 |y BK_X |k DER | ||
| 952 | |0 0 |1 0 |4 0 |6 346_440000000000000_COL_1922 |7 0 |8 X |9 284257 |a BIBDER |b BIBDER |d 2019-11-19 |h v.3 |i 1840657 |l 2 |o 346.44 COL 1922 |p 1840657 |r 2023-01-25 |s 2022-06-24 |w 2019-11-19 |y BK_X |k DER | ||
| 952 | |0 0 |1 0 |4 0 |6 346_440000000000000_COL_1922 |7 0 |8 X |9 284258 |a BIBDER |b BIBDER |d 2019-11-19 |h v.4 |i 1840665 |l 3 |o 346.44 COL 1922 |p 1840665 |r 2023-08-04 |s 2023-08-04 |w 2019-11-19 |y BK_X |k DER | ||
| 952 | |0 0 |1 0 |4 0 |6 346_440000000000000_COL_1922 |7 0 |8 X |9 284259 |a BIBDER |b BIBDER |d 2019-11-19 |h v.5 |i 1840673 |l 2 |o 346.44 COL 1922 |p 1840673 |r 2023-01-25 |s 2022-08-08 |w 2019-11-19 |y BK_X |k DER | ||
| 952 | |0 0 |1 0 |4 0 |6 346_440000000000000_COL_1922 |7 0 |8 X |9 284260 |a BIBDER |b BIBDER |d 2019-11-19 |h v.6 |i 1840681 |l 2 |o 346.44 COL 1922 |p 1840681 |r 2023-01-25 |s 2022-06-24 |w 2019-11-19 |y BK_X |k DER | ||